| 000 | 01110nam a2200301Ia 4500 | ||
|---|---|---|---|
| 001 | ebr10270657 | ||
| 003 | CaPaEBR | ||
| 006 | m u | ||
| 007 | cr cn||||||||| | ||
| 008 | 080317s2008 njua s 001 0 eng d | ||
| 010 | _z 2008012272 | ||
| 020 | _z9780470779712 (pbk.) | ||
| 020 | _z0470779713 (pbk.) | ||
| 040 |
_aCaPaEBR _cCaPaEBR |
||
| 035 | _a(OCoLC)302413379 | ||
| 050 | 1 | 4 |
_aTK7867 _b.S639 2008eb |
| 100 | 1 |
_aSpence, Robert, _d1933- |
|
| 245 | 1 | 0 |
_aIntroductory circuits _h[electronic resource] / _cRobert Spence. |
| 260 |
_aChichester, West Sussex, U.K. : _bJohn Wiley, _c2008. |
||
| 300 |
_aix, 240 p. : _bill. |
||
| 500 | _aIncludes index. | ||
| 533 |
_aElectronic reproduction. _bPalo Alto, Calif. : _cebrary, _d2009. _nAvailable via World Wide Web. _nAccess may be limited to ebrary affiliated libraries. |
||
| 650 | 0 | _aElectronic circuits. | |
| 650 | 0 | _aElectric circuits. | |
| 655 | 7 |
_aElectronic books. _2local |
|
| 710 | 2 | _aebrary, Inc. | |
| 856 | 4 | 0 |
_uhttp://site.ebrary.com/lib/rucke/Doc?id=10270657 _zAn electronic book accessible through the World Wide Web; click to view |
| 999 |
_c23777 _d23777 |
||